[Event "45th FIDE Chess Olympiad Open"]
[Site "Budapest, Hungary"]
[Date "2024.09.22"]
[Round "11"]
[White "McShane, Luke J"]
[Black "Sahidi, Samir"]
[Result "1/2-1/2"]
[Board "59"]
[WhiteFideId "404853"]
[BlackFideId "14936372"]
[WhiteTitle "GM"]
[BlackTitle "IM"]
[WhiteElo "2611"]
[BlackElo "2474"]
[WhiteTeam "England"]
[BlackTeam "Slovakia"]
[WhiteClock "0:01:20"]
[BlackClock "0:02:49"]
[Variant "Standard"]

1. e4 {[%clk 1:30:56]}  c5 {[%clk 1:30:49]} 2. Nf3 {[%clk 1:31:14]}  d6 {[%clk 1:31:12]} 3. Bb5+ {[%clk 1:31:37]}  Nd7 {[%clk 1:31:25]} 4. O-O {[%clk 1:31:35]}  Ngf6 {[%clk 1:31:37]} 5. Re1 {[%clk 1:31:25]}  a6 {[%clk 1:30:49]} 6. Bf1 {[%clk 1:31:34]}  b6 {[%clk 1:28:26]} 7. d4 {[%clk 1:28:29]}  cxd4 {[%clk 1:28:21]} 8. Nxd4 {[%clk 1:28:53]}  Bb7 {[%clk 1:27:23]} 9. f3 {[%clk 1:29:16]}  e6 {[%clk 1:27:03]} 10. c4 {[%clk 1:29:40]}  Be7 {[%clk 1:26:16]} 11. Nc3 {[%clk 1:30:04]}  O-O {[%clk 1:24:13]} 12. Be3 {[%clk 1:30:29]}  Qc7 {[%clk 1:20:52]} 13. Qd2 {[%clk 1:30:25]}  Rac8 {[%clk 1:20:44]} 14. Rac1 {[%clk 1:24:09]}  Qb8 {[%clk 1:17:22]} 15. b4 {[%clk 1:22:04]}  Rfe8 {[%clk 1:13:35]} 16. a3 {[%clk 1:22:19]}  Bd8 {[%clk 1:10:03]} 17. h3 {[%clk 1:14:06]}  Bc7 {[%clk 1:07:35]} 18. Rcd1 {[%clk 1:10:49]}  Nf8 {[%clk 0:58:58]} 19. Bf2 {[%clk 0:57:04]}  Ng6 {[%clk 0:58:04]} 20. f4 {[%clk 0:53:37]}  Qa8 {[%clk 0:56:39]} 21. Bd3 {[%clk 0:45:28]}  h6 {[%clk 0:46:20]} 22. Nc2 {[%clk 0:30:34]}  Red8 {[%clk 0:33:28]} 23. Qe3 {[%clk 0:27:27]}  Nd7 {[%clk 0:29:06]} 24. g3 {[%clk 0:19:45]}  Nf6 {[%clk 0:24:14]} 25. Bf1 {[%clk 0:17:23]}  h5 {[%clk 0:18:27]} 26. a4 {[%clk 0:09:04]}  Ne7 {[%clk 0:11:59]} 27. b5 {[%clk 0:07:36]}  a5 {[%clk 0:12:06]} 28. Bg2 {[%clk 0:05:21]}  Rd7 {[%clk 0:11:34]} 29. Qd3 {[%clk 0:03:24]}  Ng6 {[%clk 0:10:39]} 30. h4 {[%clk 0:03:16]}  Ng4 {[%clk 0:08:41]} 31. Bf3 {[%clk 0:03:40]}  Bd8 {[%clk 0:06:45]} 32. Bxg4 {[%clk 0:01:05]}  hxg4 {[%clk 0:07:05]} 33. Ne3 {[%clk 0:01:07]}  Bf6 {[%clk 0:06:19]} 34. Ncd5 {[%clk 0:01:28]}  exd5 {[%clk 0:06:27]} 35. exd5 {[%clk 0:01:57]}  Rdc7 {[%clk 0:04:55]} 36. h5 {[%clk 0:01:15]}  Nf8 {[%clk 0:05:12]} 37. Nxg4 {[%clk 0:00:43]}  Nh7 {[%clk 0:01:07]} 38. Ne3 {[%clk 0:00:38]}  Re7 {[%clk 0:00:59]} 39. Nf5 {[%clk 0:00:36]}  Rxe1+ {[%clk 0:01:23]} 40. Rxe1 {[%clk 0:01:04]}  Re8 {[%clk 0:01:03]} 41. Rxe8+ {[%clk 0:21:16]}  Qxe8 {[%clk 0:31:26]} 42. Nxd6 {[%clk 0:21:43]}  Qd7 {[%clk 0:31:28]} 43. Nxb7 {[%clk 0:19:37]}  Qxb7 {[%clk 0:31:36]} 44. Qe3 {[%clk 0:20:03]}  Qc8 {[%clk 0:19:39]} 45. c5 {[%clk 0:20:23]}  bxc5 {[%clk 0:19:55]} 46. Qxc5 {[%clk 0:20:46]}  Qf5 {[%clk 0:19:17]} 47. b6 {[%clk 0:15:39]}  Qb1+ {[%clk 0:18:21]} 48. Kg2 {[%clk 0:13:43]}  Nf8 {[%clk 0:18:23]} 49. Qxa5 {[%clk 0:10:04]}  Qe4+ {[%clk 0:16:51]} 50. Kh2 {[%clk 0:09:53]}  Qf3 {[%clk 0:07:53]} 51. Qd2 {[%clk 0:07:33]}  Nd7 {[%clk 0:07:14]} 52. Kg1 {[%clk 0:03:43]}  Nxb6 {[%clk 0:02:22]} 53. Bxb6 {[%clk 0:04:09]}  Qxg3+ {[%clk 0:02:46]} 54. Kf1 {[%clk 0:04:33]}  Qf3+ {[%clk 0:03:02]} 55. Bf2 {[%clk 0:03:35]}  Qh1+ {[%clk 0:02:38]} 56. Bg1 {[%clk 0:03:38]}  Qf3+ {[%clk 0:02:35]} 57. Bf2 {[%clk 0:01:30]}  Qh1+ {[%clk 0:03:01]} 58. Bg1 {[%clk 0:01:56]}  Qf3+ {[%clk 0:02:32]} 59. Bf2 {[%clk 0:00:58]}  Qh1+ {[%clk 0:02:49]} 60. Bg1 {[%clk 0:01:20]} 1/2-1/2

[Event "45th FIDE Chess Olympiad Open"]
[Site "Budapest, Hungary"]
[Date "2024.09.22"]
[Round "11"]
[White "Druska, Juraj"]
[Black "Jones, Gawain C B"]
[Result "1/2-1/2"]
[Board "60"]
[WhiteFideId "14915650"]
[BlackFideId "409561"]
[WhiteTitle "IM"]
[BlackTitle "GM"]
[WhiteElo "2441"]
[BlackElo "2646"]
[WhiteTeam "Slovakia"]
[BlackTeam "England"]
[WhiteClock "0:06:49"]
[BlackClock "0:24:34"]
[Variant "Standard"]

1. e4 {[%clk 1:30:52]}  e5 {[%clk 1:30:31]} 2. Nf3 {[%clk 1:30:53]}  Nc6 {[%clk 1:30:56]} 3. Nc3 {[%clk 1:31:16]}  Nf6 {[%clk 1:31:16]} 4. d4 {[%clk 1:31:28]}  Bb4 {[%clk 1:31:32]} 5. Nxe5 {[%clk 1:31:49]}  Bxc3+ {[%clk 1:31:51]} 6. bxc3 {[%clk 1:32:14]}  Qe7 {[%clk 1:32:15]} 7. f3 {[%clk 1:32:35]}  Nxe5 {[%clk 1:32:38]} 8. dxe5 {[%clk 1:33:01]}  Qxe5 {[%clk 1:33:02]} 9. Qd4 {[%clk 1:33:27]}  d6 {[%clk 1:33:26]} 10. a4 {[%clk 1:33:53]}  a5 {[%clk 1:32:35]} 11. Bb5+ {[%clk 1:28:51]}  Bd7 {[%clk 1:29:53]} 12. Rb1 {[%clk 1:29:04]}  Bc6 {[%clk 1:29:19]} 13. Qxe5+ {[%clk 1:00:40]}  dxe5 {[%clk 1:29:27]} 14. Ke2 {[%clk 1:01:04]}  Nd7 {[%clk 1:20:19]} 15. Bxc6 {[%clk 1:01:01]}  bxc6 {[%clk 1:20:42]} 16. Be3 {[%clk 0:58:04]}  h5 {[%clk 1:18:13]} 17. c4 {[%clk 0:53:14]}  Nf8 {[%clk 1:12:36]} 18. g3 {[%clk 0:47:44]}  Nd7 {[%clk 0:49:35]} 19. h4 {[%clk 0:32:54]}  g6 {[%clk 0:46:15]} 20. Rhd1 {[%clk 0:24:30]}  Ke7 {[%clk 0:45:40]} 21. Rb7 {[%clk 0:24:34]}  Rhc8 {[%clk 0:45:35]} 22. f4 {[%clk 0:16:17]}  Kd8 {[%clk 0:38:42]} 23. Ba7 {[%clk 0:10:35]}  Ke8 {[%clk 0:35:59]} 24. Kf3 {[%clk 0:10:36]}  Nf8 {[%clk 0:28:09]} 25. f5 {[%clk 0:09:49]}  Nd7 {[%clk 0:27:38]} 26. g4 {[%clk 0:09:40]}  hxg4+ {[%clk 0:26:43]} 27. Kxg4 {[%clk 0:08:48]}  Nf6+ {[%clk 0:24:48]} 28. Kf3 {[%clk 0:09:17]}  Rd8 {[%clk 0:25:05]} 29. Rg1 {[%clk 0:06:21]}  Kd7 {[%clk 0:22:46]} 30. fxg6 {[%clk 0:04:35]}  Kc8 {[%clk 0:19:11]} 31. Rgb1 {[%clk 0:05:04]}  Nd7 {[%clk 0:18:40]} 32. gxf7 {[%clk 0:03:07]}  c5 {[%clk 0:18:27]} 33. Kg4 {[%clk 0:02:31]}  Rf8 {[%clk 0:18:44]} 34. h5 {[%clk 0:01:38]}  Rxf7 {[%clk 0:19:02]} 35. h6 {[%clk 0:02:02]}  Rf2 {[%clk 0:15:12]} 36. Kg5 {[%clk 0:02:25]}  Rxc2 {[%clk 0:15:06]} 37. h7 {[%clk 0:02:33]}  Rh2 {[%clk 0:15:29]} 38. Kg6 {[%clk 0:02:57]}  Nf8+ {[%clk 0:05:59]} 39. Kf7 {[%clk 0:01:07]}  Kd7 {[%clk 0:06:25]} 40. Rb8 {[%clk 0:00:45]}  Rxb8 {[%clk 0:05:42]} 41. Rxb8 {[%clk 0:08:42]}  Nxh7 {[%clk 0:34:33]} 42. Kg6 {[%clk 0:08:19]}  Kc6 {[%clk 0:31:59]} 43. Re8 {[%clk 0:04:49]}  Kd6 {[%clk 0:28:26]} 44. Rd8+ {[%clk 0:04:53]}  Ke7 {[%clk 0:28:28]} 45. Rd5 {[%clk 0:01:54]}  Nf8+ {[%clk 0:28:10]} 46. Kf5 {[%clk 0:02:23]}  Rf2+ {[%clk 0:23:18]} 47. Kg4 {[%clk 0:02:52]}  Rf4+ {[%clk 0:21:16]} 48. Kg3 {[%clk 0:03:22]}  Nd7 {[%clk 0:21:35]} 49. Bxc5+ {[%clk 0:02:54]}  Ke6 {[%clk 0:20:00]} 50. Be3 {[%clk 0:02:38]}  Rxe4 {[%clk 0:19:59]} 51. Kf3 {[%clk 0:03:07]}  Rxc4 {[%clk 0:20:14]} 52. Rxa5 {[%clk 0:03:36]}  Kf5 {[%clk 0:19:31]} 53. Ra8 {[%clk 0:03:16]}  Rc3 {[%clk 0:17:21]} 54. a5 {[%clk 0:03:17]}  Ra3 {[%clk 0:17:46]} 55. Ke2 {[%clk 0:00:48]}  Ke4 {[%clk 0:18:05]} 56. Bd2 {[%clk 0:00:36]}  Nc5 {[%clk 0:17:53]} 57. Bb4 {[%clk 0:00:32]}  Ra2+ {[%clk 0:18:17]} 58. Kd1 {[%clk 0:00:54]}  Ne6 {[%clk 0:14:51]} 59. Kc1 {[%clk 0:00:39]}  Nf4 {[%clk 0:11:40]} 60. Kb1 {[%clk 0:00:53]}  Ra4 {[%clk 0:12:05]} 61. Bc3 {[%clk 0:01:14]}  Nd5 {[%clk 0:11:57]} 62. Bb2 {[%clk 0:00:56]}  Nb6 {[%clk 0:10:12]} 63. Ra7 {[%clk 0:01:22]}  Nc4 {[%clk 0:10:35]} 64. Bxe5 {[%clk 0:01:27]}  Kxe5 {[%clk 0:08:47]} 65. Rxc7 {[%clk 0:01:55]}  Kd4 {[%clk 0:09:09]} 66. Rh7 {[%clk 0:01:28]}  Kd3 {[%clk 0:07:51]} 67. Rh3+ {[%clk 0:01:39]}  Ne3 {[%clk 0:08:17]} 68. Kb2 {[%clk 0:01:36]}  Rb4+ {[%clk 0:08:36]} 69. Ka3 {[%clk 0:01:44]}  Rb1 {[%clk 0:08:55]} 70. a6 {[%clk 0:01:55]}  Kd4 {[%clk 0:09:14]} 71. a7 {[%clk 0:01:52]}  Ra1+ {[%clk 0:09:27]} 72. Kb4 {[%clk 0:02:13]}  Rb1+ {[%clk 0:09:28]} 73. Ka3 {[%clk 0:02:15]}  Ra1+ {[%clk 0:09:32]} 74. Kb4 {[%clk 0:02:44]}  Rxa7 {[%clk 0:09:41]} 75. Rh4 {[%clk 0:03:06]}  Kd3 {[%clk 0:10:06]} 76. Kc5 {[%clk 0:03:17]}  Ra5+ {[%clk 0:10:30]} 77. Kc6 {[%clk 0:03:17]}  Nf5 {[%clk 0:10:51]} 78. Rh1 {[%clk 0:03:19]}  Ne3 {[%clk 0:10:53]} 79. Rh4 {[%clk 0:03:21]}  Rg5 {[%clk 0:11:19]} 80. Rf4 {[%clk 0:03:16]}  Nf5 {[%clk 0:11:36]} 81. Rf1 {[%clk 0:03:26]}  Rg6+ {[%clk 0:11:25]} 82. Kc5 {[%clk 0:03:38]}  Ng3 {[%clk 0:11:28]} 83. Ra1 {[%clk 0:03:32]}  Ne4+ {[%clk 0:11:23]} 84. Kd5 {[%clk 0:03:49]}  Rg5+ {[%clk 0:11:17]} 85. Ke6 {[%clk 0:04:16]}  Rh5 {[%clk 0:11:38]} 86. Rd1+ {[%clk 0:04:17]}  Kc4 {[%clk 0:12:00]} 87. Rc1+ {[%clk 0:04:06]}  Nc3 {[%clk 0:12:25]} 88. Rg1 {[%clk 0:03:46]}  Kd4 {[%clk 0:12:51]} 89. Ra1 {[%clk 0:02:58]}  Re5+ {[%clk 0:13:19]} 90. Kf6 {[%clk 0:03:18]}  Ne4+ {[%clk 0:13:32]} 91. Kg6 {[%clk 0:03:36]}  Rb5 {[%clk 0:13:38]} 92. Ra8 {[%clk 0:03:06]}  Ke5 {[%clk 0:13:39]} 93. Re8+ {[%clk 0:02:52]}  Kd5 {[%clk 0:14:05]} 94. Rd8+ {[%clk 0:02:51]}  Nd6 {[%clk 0:14:31]} 95. Ra8 {[%clk 0:03:07]}  Ke6 {[%clk 0:14:51]} 96. Ra1 {[%clk 0:03:23]}  Ne4 {[%clk 0:14:59]} 97. Ra6+ {[%clk 0:03:18]}  Ke5 {[%clk 0:15:27]} 98. Ra1 {[%clk 0:02:17]}  Rb6+ {[%clk 0:15:45]} 99. Kg7 {[%clk 0:02:45]}  Ng3 {[%clk 0:15:27]} 100. Ra5+ {[%clk 0:02:54]}  Kf4 {[%clk 0:15:54]} 101. Kf7 {[%clk 0:02:45]}  Nf5 {[%clk 0:16:02]} 102. Ra1 {[%clk 0:03:09]}  Ne3 {[%clk 0:15:09]} 103. Re1 {[%clk 0:02:56]}  Ra6 {[%clk 0:15:19]} 104. Ke7 {[%clk 0:02:30]}  Nc2 {[%clk 0:15:45]} 105. Re6 {[%clk 0:02:30]}  Ra7+ {[%clk 0:16:12]} 106. Kd6 {[%clk 0:02:47]}  Nb4 {[%clk 0:16:01]} 107. Re8 {[%clk 0:02:28]}  Nd3 {[%clk 0:16:05]} 108. Rh8 {[%clk 0:01:09]}  Ne5 {[%clk 0:16:05]} 109. Rh4+ {[%clk 0:01:28]}  Kf5 {[%clk 0:16:23]} 110. Rh5+ {[%clk 0:01:50]}  Kf6 {[%clk 0:16:50]} 111. Rh6 {[%clk 0:02:07]}  Ng6 {[%clk 0:17:14]} 112. Rh1 {[%clk 0:02:28]}  Ne7 {[%clk 0:17:34]} 113. Rh6 {[%clk 0:02:47]}  Kg5 {[%clk 0:17:59]} 114. Rh1 {[%clk 0:03:07]}  Nf5+ {[%clk 0:18:23]} 115. Kd5 {[%clk 0:02:50]}  Ra4 {[%clk 0:18:28]} 116. Re1 {[%clk 0:02:14]}  Kf6 {[%clk 0:18:45]} 117. Re6+ {[%clk 0:02:35]}  Kf7 {[%clk 0:19:12]} 118. Re1 {[%clk 0:02:54]}  Nh4 {[%clk 0:19:14]} 119. Re4 {[%clk 0:02:48]}  Ra5+ {[%clk 0:19:39]} 120. Kc4 {[%clk 0:02:48]}  Nf5 {[%clk 0:20:03]} 121. Re1 {[%clk 0:03:06]}  Ra8 {[%clk 0:20:14]} 122. Re2 {[%clk 0:03:14]}  Rd8 {[%clk 0:20:02]} 123. Re1 {[%clk 0:03:30]}  Nd4 {[%clk 0:20:27]} 124. Re4 {[%clk 0:03:39]}  Nc6 {[%clk 0:20:33]} 125. Re1 {[%clk 0:03:58]}  Kf6 {[%clk 0:20:58]} 126. Rh1 {[%clk 0:04:09]}  Ne5+ {[%clk 0:21:12]} 127. Kc5 {[%clk 0:04:35]}  Nd3+ {[%clk 0:21:30]} 128. Kc4 {[%clk 0:04:56]}  Ke5 {[%clk 0:21:57]} 129. Rh5+ {[%clk 0:05:05]}  Ke4 {[%clk 0:22:23]} 130. Rh4 {[%clk 0:05:26]}  Nf4 {[%clk 0:22:49]} 131. Kc5 {[%clk 0:05:45]}  Ke5 {[%clk 0:23:14]} 132. Rh1 {[%clk 0:05:58]}  Rc8+ {[%clk 0:23:38]} 133. Kb5 {[%clk 0:06:16]}  Kd6 {[%clk 0:24:01]} 134. Kb4 {[%clk 0:06:26]}  Nd5+ {[%clk 0:24:19]} 135. Kb3 {[%clk 0:06:49]}  Rg8 {[%clk 0:24:34]} 1/2-1/2

[Event "45th FIDE Chess Olympiad Open"]
[Site "Budapest, Hungary"]
[Date "2024.09.22"]
[Round "11"]
[White "Nguyen, Thai Dai Van"]
[Black "Nielsen, Hogni Egilstoft"]
[Result "1-0"]
[Board "62"]
[WhiteFideId "358878"]
[BlackFideId "7200404"]
[WhiteTitle "GM"]
[BlackTitle "FM"]
[WhiteElo "2647"]
[BlackElo "2379"]
[WhiteTeam "Czech Republic"]
[BlackTeam "Faroe Islands"]
[WhiteClock "0:25:25"]
[BlackClock "0:13:37"]
[Variant "Standard"]

1. d4 {[%clk 1:30:47]}  Nf6 {[%clk 1:30:45]} 2. c4 {[%clk 1:31:11]}  e6 {[%clk 1:30:36]} 3. Nf3 {[%clk 1:31:32]}  b6 {[%clk 1:29:45]} 4. g3 {[%clk 1:31:55]}  Bb7 {[%clk 1:29:28]} 5. Bg2 {[%clk 1:32:19]}  Bb4+ {[%clk 1:28:21]} 6. Bd2 {[%clk 1:32:44]}  Be7 {[%clk 1:26:59]} 7. Nc3 {[%clk 1:30:57]}  Ne4 {[%clk 1:15:27]} 8. O-O {[%clk 1:30:41]}  O-O {[%clk 1:04:07]} 9. Rc1 {[%clk 1:30:35]}  d6 {[%clk 0:59:25]} 10. Ne1 {[%clk 1:30:07]}  Nxc3 {[%clk 0:59:35]} 11. Bxc3 {[%clk 1:30:32]}  Bxg2 {[%clk 0:59:40]} 12. Nxg2 {[%clk 1:30:58]}  Nd7 {[%clk 0:55:49]} 13. e4 {[%clk 1:30:26]}  Bf6 {[%clk 0:52:07]} 14. Ne3 {[%clk 1:26:35]}  g6 {[%clk 0:49:50]} 15. b4 {[%clk 1:17:33]}  Qe7 {[%clk 0:36:30]} 16. Qd2 {[%clk 1:07:13]}  Bg7 {[%clk 0:35:15]} 17. Rcd1 {[%clk 1:05:49]}  Rae8 {[%clk 0:24:11]} 18. Qb2 {[%clk 0:58:08]}  f5 {[%clk 0:16:48]} 19. e5 {[%clk 0:34:36]}  f4 {[%clk 0:15:20]} 20. Ng2 {[%clk 0:34:35]}  f3 {[%clk 0:13:29]} 21. Ne3 {[%clk 0:34:03]}  Qg5 {[%clk 0:12:49]} 22. Rfe1 {[%clk 0:26:02]}  Qh5 {[%clk 0:10:51]} 23. Qc2 {[%clk 0:25:25]}  Qh3 {[%clk 0:05:43]} 24. Qe4 {[%clk 0:18:34]}  Rf5 {[%clk 0:05:54]} 25. Qg4 {[%clk 0:17:08]}  Qxg4 {[%clk 0:06:10]} 26. Nxg4 {[%clk 0:17:36]}  h5 {[%clk 0:06:18]} 27. Ne3 {[%clk 0:17:56]}  Rf7 {[%clk 0:06:43]} 28. Nf1 {[%clk 0:16:42]}  Rf5 {[%clk 0:06:31]} 29. Re4 {[%clk 0:13:30]}  b5 {[%clk 0:01:20]} 30. cxb5 {[%clk 0:09:07]}  d5 {[%clk 0:01:39]} 31. Ree1 {[%clk 0:08:59]}  Nb6 {[%clk 0:01:34]} 32. Rc1 {[%clk 0:08:16]}  Ra8 {[%clk 0:00:40]} 33. Bd2 {[%clk 0:07:09]}  Nc4 {[%clk 0:00:34]} 34. a4 {[%clk 0:07:01]}  Rf7 {[%clk 0:00:33]} 35. Rc2 {[%clk 0:04:57]}  Bf8 {[%clk 0:00:40]} 36. Bc3 {[%clk 0:04:49]}  Bh6 {[%clk 0:01:08]} 37. Ra1 {[%clk 0:05:03]}  a6 {[%clk 0:00:33]} 38. bxa6 {[%clk 0:05:24]}  Rxa6 {[%clk 0:00:51]} 39. b5 {[%clk 0:03:18]}  Ra8 {[%clk 0:00:53]} 40. Bd2 {[%clk 0:02:18]}  Bf8 {[%clk 0:00:32]} 41. Ne3 {[%clk 0:01:26]}  Nxd2 {[%clk 0:26:25]} 42. Rxd2 {[%clk 0:31:55]}  c6 {[%clk 0:26:26]} 43. bxc6 {[%clk 0:30:48]}  Rc7 {[%clk 0:22:13]} 44. Rc2 {[%clk 0:31:07]}  Ra6 {[%clk 0:20:33]} 45. Nf1 {[%clk 0:29:30]}  Bb4 {[%clk 0:17:50]} 46. h4 {[%clk 0:29:09]}  Rcxc6 {[%clk 0:15:32]} 47. Rxc6 {[%clk 0:29:36]}  Rxc6 {[%clk 0:15:52]} 48. Nh2 {[%clk 0:29:13]}  Ba5 {[%clk 0:15:02]} 49. Nxf3 {[%clk 0:29:30]}  Rc4 {[%clk 0:15:10]} 50. Rb1 {[%clk 0:26:49]}  Bb4 {[%clk 0:13:50]} 51. Ng5 {[%clk 0:25:22]}  Rxd4 {[%clk 0:13:37]} 52. a5 {[%clk 0:25:25]} 1-0

[Event "45th FIDE Chess Olympiad Open"]
[Site "Budapest, Hungary"]
[Date "2024.09.22"]
[Round "11"]
[White "Egilstoft, Rogvi"]
[Black "Zilka, Stepan"]
[Result "0-1"]
[Board "63"]
[WhiteFideId "7200447"]
[BlackFideId "315303"]
[WhiteTitle "FM"]
[BlackTitle "GM"]
[WhiteElo "2278"]
[BlackElo "2574"]
[WhiteTeam "Faroe Islands"]
[BlackTeam "Czech Republic"]
[WhiteClock "0:27:44"]
[BlackClock "0:58:19"]
[Variant "Standard"]

1. e4 {[%clk 1:30:51]}  e5 {[%clk 1:30:55]} 2. Nf3 {[%clk 1:30:39]}  Nc6 {[%clk 1:31:21]} 3. Bc4 {[%clk 1:30:38]}  Bc5 {[%clk 1:31:42]} 4. c3 {[%clk 1:27:07]}  Nf6 {[%clk 1:32:05]} 5. d3 {[%clk 1:27:25]}  a6 {[%clk 1:32:20]} 6. O-O {[%clk 1:25:42]}  Ba7 {[%clk 1:32:22]} 7. Bb3 {[%clk 1:23:01]}  h6 {[%clk 1:28:25]} 8. d4 {[%clk 1:03:11]}  d6 {[%clk 1:28:45]} 9. dxe5 {[%clk 0:58:05]}  Nxe5 {[%clk 1:28:12]} 10. Nxe5 {[%clk 0:44:25]}  dxe5 {[%clk 1:28:35]} 11. Qxd8+ {[%clk 0:44:49]}  Kxd8 {[%clk 1:29:00]} 12. Nd2 {[%clk 0:44:49]}  Ke7 {[%clk 1:23:18]} 13. Nc4 {[%clk 0:26:27]}  Nxe4 {[%clk 1:23:09]} 14. Nxe5 {[%clk 0:25:48]}  Kf6 {[%clk 1:23:14]} 15. Nd3 {[%clk 0:24:34]}  Bf5 {[%clk 1:01:06]} 16. Bf4 {[%clk 0:16:52]}  Rhe8 {[%clk 1:00:48]} 17. Bxc7 {[%clk 0:12:28]}  Nd2 {[%clk 0:58:05]} 18. Rfd1 {[%clk 0:01:46]}  Nxb3 {[%clk 0:51:09]} 19. axb3 {[%clk 0:02:09]}  Re2 {[%clk 0:51:31]} 20. Bg3 {[%clk 0:00:59]}  Rd8 {[%clk 0:45:38]} 21. Nb4 {[%clk 0:00:37]}  Red2 {[%clk 0:46:03]} 22. Rxd2 {[%clk 0:00:58]}  Rxd2 {[%clk 0:46:30]} 23. h3 {[%clk 0:00:48]}  Be6 {[%clk 0:45:44]} 24. c4 {[%clk 0:00:35]}  Bd4 {[%clk 0:42:52]} 25. Nd5+ {[%clk 0:00:36]}  Bxd5 {[%clk 0:42:50]} 26. cxd5 {[%clk 0:01:00]}  Bxb2 {[%clk 0:43:14]} 27. Ra2 {[%clk 0:00:31]}  Rd1+ {[%clk 0:42:48]} 28. Kh2 {[%clk 0:01:01]}  Be5 {[%clk 0:43:07]} 29. Bxe5+ {[%clk 0:00:33]}  Kxe5 {[%clk 0:43:35]} 30. Re2+ {[%clk 0:00:48]}  Kd6 {[%clk 0:43:53]} 31. Re3 {[%clk 0:00:37]}  Rxd5 {[%clk 0:43:44]} 32. g4 {[%clk 0:00:46]}  a5 {[%clk 0:41:01]} 33. Re8 {[%clk 0:00:47]}  Rb5 {[%clk 0:40:20]} 34. Rd8+ {[%clk 0:00:58]}  Ke5 {[%clk 0:38:40]} 35. Rd7 {[%clk 0:01:11]}  Rxb3 {[%clk 0:34:17]} 36. Rxf7 {[%clk 0:01:39]}  a4 {[%clk 0:34:07]} 37. Rxg7 {[%clk 0:01:05]}  a3 {[%clk 0:34:15]} 38. Rg8 {[%clk 0:00:37]}  Rb6 {[%clk 0:32:32]} 39. Re8+ {[%clk 0:00:52]}  Kd4 {[%clk 0:32:18]} 40. Re1 {[%clk 0:00:38]}  a2 {[%clk 0:32:05]} 41. Ra1 {[%clk 0:00:52]}  Ra6 {[%clk 0:32:09]} 42. f4 {[%clk 0:30:06]}  b5 {[%clk 1:02:28]} 43. g5 {[%clk 0:27:29]}  hxg5 {[%clk 1:00:15]} 44. fxg5 {[%clk 0:27:39]}  b4 {[%clk 0:58:12]} 45. g6 {[%clk 0:27:44]}  b3 {[%clk 0:58:19]} 0-1

[Event "45th FIDE Chess Olympiad Open"]
[Site "Budapest, Hungary"]
[Date "2024.09.22"]
[Round "11"]
[White "Vykouk, Jan"]
[Black "Apol, Luitjen Akselsson"]
[Result "0-1"]
[Board "64"]
[WhiteFideId "349658"]
[BlackFideId "7202466"]
[WhiteTitle "IM"]
[WhiteElo "2483"]
[BlackElo "2219"]
[WhiteTeam "Czech Republic"]
[BlackTeam "Faroe Islands"]
[WhiteClock "0:09:18"]
[BlackClock "0:28:51"]
[Variant "Standard"]

1. e4 {[%clk 1:30:56]}  c5 {[%clk 1:30:53]} 2. Nf3 {[%clk 1:31:21]}  d6 {[%clk 1:31:16]} 3. d4 {[%clk 1:31:45]}  cxd4 {[%clk 1:31:36]} 4. Nxd4 {[%clk 1:32:09]}  Nf6 {[%clk 1:31:55]} 5. Nc3 {[%clk 1:32:33]}  a6 {[%clk 1:32:04]} 6. Bg5 {[%clk 1:32:26]}  Nbd7 {[%clk 1:31:32]} 7. Bc4 {[%clk 1:31:30]}  Qb6 {[%clk 1:30:56]} 8. Bb3 {[%clk 1:31:31]}  e6 {[%clk 1:30:24]} 9. Qd2 {[%clk 1:31:38]}  Be7 {[%clk 1:27:45]} 10. f3 {[%clk 1:31:46]}  Nc5 {[%clk 1:27:32]} 11. O-O-O {[%clk 1:30:53]}  Qc7 {[%clk 1:26:39]} 12. h4 {[%clk 1:27:34]}  Bd7 {[%clk 1:25:17]} 13. h5 {[%clk 1:26:54]}  h6 {[%clk 1:23:24]} 14. Bh4 {[%clk 1:26:47]}  b5 {[%clk 1:17:02]} 15. a3 {[%clk 1:16:29]}  a5 {[%clk 1:14:53]} 16. Kb1 {[%clk 1:16:52]}  Qb7 {[%clk 1:04:39]} 17. Nce2 {[%clk 0:57:06]}  b4 {[%clk 1:02:39]} 18. axb4 {[%clk 0:55:23]}  axb4 {[%clk 1:02:45]} 19. Nc1 {[%clk 0:54:43]}  O-O {[%clk 0:57:38]} 20. g4 {[%clk 0:53:27]}  Qa6 {[%clk 0:56:03]} 21. Ba2 {[%clk 0:53:49]}  Rfb8 {[%clk 0:45:52]} 22. Qe2 {[%clk 0:49:23]}  Bb5 {[%clk 0:45:02]} 23. Nxb5 {[%clk 0:44:36]}  Rxb5 {[%clk 0:45:24]} 24. b3 {[%clk 0:36:11]}  Qb7 {[%clk 0:42:46]} 25. Kb2 {[%clk 0:25:35]}  Rba5 {[%clk 0:39:04]} 26. Bb1 {[%clk 0:24:44]}  Qa7 {[%clk 0:29:34]} 27. c4 {[%clk 0:12:44]}  Ra1 {[%clk 0:29:14]} 28. Rd2 {[%clk 0:12:55]}  Rxb1+ {[%clk 0:26:53]} 29. Kxb1 {[%clk 0:13:19]}  Qa1+ {[%clk 0:27:18]} 30. Kc2 {[%clk 0:13:45]}  Ra2+ {[%clk 0:27:41]} 31. Kd1 {[%clk 0:13:19]}  Nxb3 {[%clk 0:27:59]} 32. Rc2 {[%clk 0:13:12]}  Nxc1 {[%clk 0:28:06]} 33. Rxc1 {[%clk 0:08:10]}  Qd4+ {[%clk 0:28:10]} 34. Ke1 {[%clk 0:08:35]}  Rxe2+ {[%clk 0:28:34]} 35. Kxe2 {[%clk 0:09:02]}  Nxg4 {[%clk 0:28:32]} 36. fxg4 {[%clk 0:09:18]}  Qxe4+ {[%clk 0:28:51]} 0-1